Spolupráca v destinačnom manažmente na Slovensku diplomová práca

Gespeichert in:
Bibliographische Detailangaben
1. Verfasser: Sipos, Patrik
Körperschaft: Obchodná fakulta EU. Katedra služieb a cestovného ruchu - zrušené
Weitere Verfasser: Michálková, Anna, 1968-
Format: Buch
Sprache:Slowakisch
Veröffentlicht: Bratislava 2019
Tags: Tag hinzufügen
Keine Tags, Fügen Sie das erste Tag hinzu!

MARC

LEADER 00000nbm a2200000 4500
001 0254089
005 20191029092710.4
041 0 |a slo 
044 |a SK 
245 1 0 |a Spolupráca v destinačnom manažmente na Slovensku  |b diplomová práca  |c Patrik Sipos ; školiteľ: Anna Michálková 
264 1 |a Bratislava  |c 2019 
300 |a 64 s. 
100 1 |a Sipos, Patrik 
700 1 |a Michálková, Anna, 1968- 
710 2 |a Obchodná fakulta EU. Katedra služieb a cestovného ruchu - zrušené